00503nam a2200169 a 450000100060000000300090000600800410001504000280005608200150008410000220009924500450012126000610016630000130022765000380024065000300027865000250030813693CO-ViMGA141112s2004 ck r 000 u spa d aCO-ViMGAbspacCO-ViMGA04a628.1 S45d1 aSilva G., Luis F.10aDiseño de acueductos y alcantarillados aSantafé de Bogotá : bUniveersidad Javeriana, c1970 a77 : ils14aACUEDUCTOS - COLOMBIA - PROYECTOS14aALCANTARILLADO - COLOMBIA14aINGENIERIA SANITARIA